[Event "Madrid 2019-2020 ch - Previa b"]
[Site "Madrid ESP"]
[Date "2020.02.14"]
[Round "4.14"]
[White "Rodriguez Avila, Alvaro"]
[Black "Sastre Pavicich, Ruben A."]
[Result "1-0"]
[WhiteElo "1807"]
[BlackElo "1577"]
[PlyCount "187"]
[EventDate "2020.02.06"]
[EventType "swiss"]
[EventRounds "9"]
[EventCountry "ESP"]
[SourceTitle "Ajedrez en Madrid"]
[Source "lmi"]
[SourceDate "2020.02.06"]
[SourceVersion "1"]
[SourceVersionDate "2020.03.02"]
[SourceQuality "1"]

1. e4 e6 2. d4 d5 3. Nc3 Nf6 4. Bg5 Be7 5. e5 Nfd7 6. Bxe7 Qxe7 7. Qg4 g6 8.
Nf3 b6 9. O-O-O Ba6 10. Bxa6 Nxa6 11. Kb1 O-O-O 12. h4 h6 13. Nd2 c5 14. Nb5
Kb8 15. Rhe1 Nc7 16. Nd6 a6 17. dxc5 Nxc5 18. Nb3 Nxb3 19. axb3 Nb5 20. Qa4
Nxd6 21. exd6 Rxd6 22. Qxa6 Qb7 23. Qxb7+ Kxb7 24. h5 g5 25. Re3 Rhd8 26. Rf3
f5 27. c3 Kc6 28. Kc2 d4 29. c4 Kc5 30. Re1 Kc6 31. Re5 Rf8 32. b4 Kd7 33. Ra3
Rc8 34. Ra7+ Rc7 35. Rxc7+ Kxc7 36. Kd3 Kd7 37. b5 Ke7 38. b4 Kf6 39. Re1 e5
40. f3 Ke6 41. c5 Rd8 42. Ra1 Kd5 43. Ra6 e4+ 44. Kd2 Kc4 45. Rxb6 e3+ 46. Kd1
d3 47. Re6 e2+ 48. Kd2 Ra8 49. Ra6 Re8 50. Ra1 Kxb4 51. c6 Kxb5 52. c7 Kb6 53.
Rc1 Rc8 54. Kxd3 Rxc7 55. Rb1+ Ka6 56. Kxe2 f4 57. Kd3 Re7 58. Rb8 Rh7 59. Ke4
Ka7 60. Rg8 Re7+ 61. Kf5 Re2 62. Rg6 Rxg2 63. Rxh6 Rg3 64. Rg6 Rxf3 65. Rxg5
Rf1 66. Kg6 f3 67. Rf5 f2 68. Kh6 Kb7 69. Rb5+ Kc6 70. Rb2 Kd6 71. Re2 Kd7 72.
Ra2 Ke7 73. Rb2 Kf6 74. Kh7 Kf7 75. h6 Kf6 76. Kh8 Kf7 77. h7 Kf8 78. Rb3 Ke7
79. Rf3 Ke8 80. Rf5 Ke7 81. Rf3 Ke8 82. Kg7 Rg1+ 83. Kf6 f1=Q 84. h8=Q+ Kd7 85.
Qh7+ Kc8 86. Qc2+ Kb8 87. Qb3+ Ka7 88. Rxf1 Rxf1+ 89. Ke7 Re1+ 90. Kd7 Rh1 91.
Qa4+ Kb8 92. Qb5+ Ka7 93. Qc5+ Kb8 94. Qc7+ 1-0

[Event "Madrid 2019-2020 ch - Previa b"]
[Site "Madrid ESP"]
[Date "2020.02.14"]
[Round "4.15"]
[White "Rey Martinez, Jaime"]
[Black "Sermukhamedov Minnullina, Adriana"]
[Result "1/2-1/2"]
[WhiteElo "1687"]
[BlackElo "1220"]
[PlyCount "101"]
[EventDate "2020.02.06"]
[EventType "swiss"]
[EventRounds "9"]
[EventCountry "ESP"]
[SourceTitle "Ajedrez en Madrid"]
[Source "lmi"]
[SourceDate "2020.02.06"]
[SourceVersion "1"]
[SourceVersionDate "2020.03.02"]
[SourceQuality "1"]

1. e4 c5 2. Nf3 d6 3. Nc3 Nf6 4. e5 dxe5 5. Nxe5 e6 6. g3 Nbd7 7. Nxd7 Bxd7 8.
Bg2 Qb6 9. O-O Be7 10. d3 O-O 11. Bd2 Bc6 12. Bxc6 Qxc6 13. Re1 Rad8 14. Qe2
Rd7 15. Ne4 Rfd8 16. Qf3 Nxe4 17. Qxe4 c4 18. Qxc6 bxc6 19. Ba5 Rb8 20. dxc4
Rxb2 21. Rab1 Rbb7 22. Kf1 Kf8 23. Ke2 Ke8 24. Rb3 Rxb3 25. cxb3 c5 26. Rd1 g6
27. Bc3 Kd8 28. g4 Kc8 29. h3 a6 30. f4 Rxd1 31. Kxd1 Bd6 32. Bd2 Kd7 33. Ke2
f5 34. Kf3 Be7 35. g5 Bf8 36. Bc3 Kc6 37. a3 Kb6 38. Be5 Kc6 39. Ke3 Kb6 40. h4
Be7 41. Bc3 a5 42. Bf6 Bd6 43. Bd8+ Ka6 44. a4 Bf8 45. Kf3 Bd6 46. Bf6 Bf8 47.
Bc3 Be7 48. Be5 Bf8 49. Kg3 Be7 50. h5 Bf8 51. h6 1/2-1/2

[Event "Madrid 2019-2020 ch - Previa b"]
[Site "Madrid ESP"]
[Date "2020.02.14"]
[Round "4.16"]
[White "De Dompablo Fantova, Juan"]
[Black "Martin Rodriguez, Jose Luis"]
[Result "1-0"]
[WhiteElo "1664"]
[BlackElo "1197"]
[PlyCount "61"]
[EventDate "2020.02.06"]
[EventType "swiss"]
[EventRounds "9"]
[EventCountry "ESP"]
[SourceTitle "Ajedrez en Madrid"]
[Source "lmi"]
[SourceDate "2020.02.06"]
[SourceVersion "1"]
[SourceVersionDate "2020.03.02"]
[SourceQuality "1"]

1. e4 e6 2. d3 d5 3. Nd2 c5 4. Ngf3 Nc6 5. g3 Nf6 6. Bg2 Be7 7. O-O O-O 8. Re1
b5 9. Nf1 h6 10. Qe2 Bb7 11. e5 Nh7 12. h4 Qd7 13. N1h2 c4 14. d4 Rfe8 15. Bh3
Bd8 16. c3 a5 17. g4 b4 18. Kh1 f5 19. gxf5 exf5 20. Rg1 Qe6 21. h5 Kh8 22. Rg6
Nf6 23. Bxh6 gxh6 24. Rxh6+ Kg7 25. Rg6+ Kh8 26. Qd2 Qf7 27. exf6 Bxf6 28. Rh6+
Kg7 29. Rg1+ Kf8 30. Bxf5 Ke7 31. Rh7 1-0

[Event "Madrid 2019-2020 ch - Previa b"]
[Site "Madrid ESP"]
[Date "2020.02.14"]
[Round "4.17"]
[White "Rojas Fernandez, Antonio"]
[Black "Barragan Panal, Juan Jose"]
[Result "1/2-1/2"]
[WhiteElo "1409"]
[BlackElo "1661"]
[PlyCount "74"]
[EventDate "2020.02.06"]
[EventType "swiss"]
[EventRounds "9"]
[EventCountry "ESP"]
[SourceTitle "Ajedrez en Madrid"]
[Source "lmi"]
[SourceDate "2020.02.06"]
[SourceVersion "1"]
[SourceVersionDate "2020.03.02"]
[SourceQuality "1"]

1. e4 c6 2. d4 d5 3. exd5 cxd5 4. Bd3 Nc6 5. c3 Nf6 6. Bf4 e6 7. Nf3 Bd6 8. Bg3
Qc7 9. Nbd2 Bd7 10. Qc2 Rc8 11. Qb1 O-O 12. O-O h6 13. Re1 Bxg3 14. hxg3 Ng4
15. Nb3 e5 16. dxe5 Ncxe5 17. Nxe5 Nxe5 18. Nd4 Nxd3 19. Qxd3 Rfe8 20. Rad1 Qc4
21. Qxc4 dxc4 22. Kf1 g6 23. Rxe8+ Rxe8 24. Re1 Kf8 25. Rxe8+ Kxe8 26. Ke2 Ke7
27. Ke3 Kd6 28. f3 Ke5 29. a3 Kd5 30. Kf4 a5 31. Ke3 Ke5 32. Ke2 b5 33. Ke3 h5
34. Ke2 f5 35. Ke3 g5 36. f4+ Kf6 37. Kf3 g4+ 1/2-1/2

[Event "Madrid 2019-2020 ch - Previa b"]
[Site "Madrid ESP"]
[Date "2020.02.14"]
[Round "4.18"]
[White "Martin Hernandez, Vicente"]
[Black "Canseco Arenas, Alfonso"]
[Result "1-0"]
[WhiteElo "1864"]
[BlackElo "1604"]
[PlyCount "121"]
[EventDate "2020.02.06"]
[EventType "swiss"]
[EventRounds "9"]
[EventCountry "ESP"]
[SourceTitle "Ajedrez en Madrid"]
[Source "lmi"]
[SourceDate "2020.02.06"]
[SourceVersion "1"]
[SourceVersionDate "2020.03.02"]
[SourceQuality "1"]

1. d4 Nf6 2. c4 c5 3. d5 e6 4. Nc3 exd5 5. cxd5 d6 6. e4 g6 7. Bd3 Bg7 8. Nge2
a6 9. a4 O-O 10. O-O Nbd7 11. f4 Re8 12. h3 c4 13. Bc2 Nc5 14. Ng3 Qb6 15. a5
Qc7 16. Be3 Bd7 17. Qe2 Nb3 18. Bxb3 cxb3 19. Bb6 Qb8 20. Qc4 Re7 21. Qxb3 Ne8
22. Rae1 Nc7 23. e5 Nb5 24. e6 fxe6 25. dxe6 Nd4 26. Bxd4 Bxd4+ 27. Kh1 Bc6 28.
f5 Kg7 29. Nce4 Bxe4 30. Nxe4 gxf5 31. Qg3+ Kh8 32. Nxd6 Rg7 33. Nf7+ Kg8 34.
Nh6+ Kh8 35. Qxb8+ Rxb8 36. Nxf5 Bxb2 37. Nxg7 Kxg7 38. Rf7+ Kg6 39. Rb1 Bc3
40. Rbxb7 Re8 41. Rfc7 Bxa5 42. Rc6 Bd2 43. Rxa6 h6 44. Rb2 Bg5 45. Rf2 Be7 46.
g4 Rc8 47. Kg2 Re8 48. Kg3 Rc8 49. Rf3 Re8 50. h4 Bb4 51. h5+ Kg7 52. Ra7+ Kg8
53. Rf6 Bd2 54. Kf3 Bg5 55. Rg6+ Kh8 56. Ke4 Bc1 57. Kf5 Bg5 58. Rxg5 hxg5 59.
Kf6 Kg8 60. Rg7+ Kf8 61. e7+ 1-0

[Event "Madrid 2019-2020 ch - Previa b"]
[Site "Madrid ESP"]
[Date "2020.02.14"]
[Round "4.19"]
[White "Ramirez, Luis Fernando"]
[Black "Sastre Picierro, Martin"]
[Result "1/2-1/2"]
[WhiteElo "1718"]
[BlackElo "1413"]
[PlyCount "47"]
[EventDate "2020.02.06"]
[EventType "swiss"]
[EventRounds "9"]
[EventCountry "ESP"]
[SourceTitle "Ajedrez en Madrid"]
[Source "lmi"]
[SourceDate "2020.02.06"]
[SourceVersion "1"]
[SourceVersionDate "2020.03.02"]
[SourceQuality "1"]

1. e4 e5 2. Nf3 Nc6 3. Bc4 Bc5 4. O-O Nge7 5. Nc3 d6 6. d3 O-O 7. Be3 Bxe3 8.
fxe3 Be6 9. Bd5 Bxd5 10. Nxd5 Nxd5 11. exd5 Nb4 12. c4 c5 13. a3 Na6 14. Nd2 f5
15. Qa4 Qe8 16. Qxe8 Raxe8 17. Rae1 Nc7 18. a4 a5 19. b3 b6 20. Nf3 h6 21. e4
Rf6 22. Rf2 Ref8 23. Ref1 f4 24. Nd2 1/2-1/2

[Event "Madrid 2019-2020 ch - Previa b"]
[Site "Madrid ESP"]
[Date "2020.02.15"]
[Round "5.1"]
[White "Marin Aso, Jose Luis"]
[Black "Lopez de Turiso, Jose Angel"]
[Result "1/2-1/2"]
[WhiteElo "1906"]
[BlackElo "1938"]
[PlyCount "31"]
[EventDate "2020.02.06"]
[EventType "swiss"]
[EventRounds "9"]
[EventCountry "ESP"]
[SourceTitle "Ajedrez en Madrid"]
[Source "lmi"]
[SourceDate "2020.02.06"]
[SourceVersion "1"]
[SourceVersionDate "2020.03.02"]
[SourceQuality "1"]

1. c4 c5 2. Nc3 g6 3. g3 Bg7 4. Bg2 Nc6 5. a3 e6 6. Rb1 Nge7 7. Nf3 d5 8. cxd5
exd5 9. d3 O-O 10. O-O h6 11. Na4 b6 12. b4 c4 13. b5 Na5 14. Bd2 Nb3 15. Bb4
Qc7 16. dxc4 1/2-1/2

[Event "Madrid 2019-2020 ch - Previa b"]
[Site "Madrid ESP"]
[Date "2020.02.15"]
[Round "5.2"]
[White "Santamaria Baeza, Adolfo"]
[Black "Moreno Torrero, Javier"]
[Result "0-1"]
[WhiteElo "1857"]
[BlackElo "1918"]
[PlyCount "104"]
[EventDate "2020.02.06"]
[EventType "swiss"]
[EventRounds "9"]
[EventCountry "ESP"]
[SourceTitle "Ajedrez en Madrid"]
[Source "lmi"]
[SourceDate "2020.02.06"]
[SourceVersion "1"]
[SourceVersionDate "2020.03.02"]
[SourceQuality "1"]

1. e4 c5 2. Nf3 d6 3. Bc4 Nf6 4. Nc3 e6 5. d4 cxd4 6. Nxd4 Nc6 7. O-O Be7 8.
Re1 Nxd4 9. Qxd4 O-O 10. Be2 a6 11. a4 Qc7 12. Be3 Bd7 13. a5 Rac8 14. Qd2 Bc6
15. Bf3 Nd7 16. Red1 f5 17. Bg5 Bxg5 18. Qxg5 Ne5 19. Qg3 Rf6 20. exf5 Bxf3 21.
gxf3 Rxf5 22. f4 Ng6 23. Ra4 Rcf8 24. Rdd4 d5 25. Qe3 Nxf4 26. Rxf4 Rxf4 27.
Qxe6+ Qf7 28. Qxf7+ R4xf7 29. Nxd5 Rxf2 30. Rb4 Rxc2 31. Rxb7 Rd8 32. Ne3 Re2
33. Nf1 Rd1 34. Rb8+ Kf7 35. Rb3 Ke6 36. Rb6+ Kf5 37. Rb7 Kg6 38. Rb6+ Kg5 39.
Rb7 Kh6 40. Rb6+ g6 41. Rxa6 Rxb2 42. Rf6 Ra1 43. a6 Kg7 44. Rc6 Rbb1 45. Rc7+
Kf6 46. a7 Rxf1+ 47. Kg2 Rf5 48. Rxh7 Rfa5 49. Rb7 Rxa7 50. Rb6+ Kg7 51. Kh3
R7a4 52. Rb3 R1a3 0-1

[Event "Madrid 2019-2020 ch - Previa b"]
[Site "Madrid ESP"]
[Date "2020.02.15"]
[Round "5.3"]
[White "De la Orden Alcocer, Alejandro"]
[Black "Vukotic Jovsic, Dragan"]
[Result "1/2-1/2"]
[WhiteElo "2005"]
[BlackElo "1886"]
[PlyCount "126"]
[EventDate "2020.02.06"]
[EventType "swiss"]
[EventRounds "9"]
[EventCountry "ESP"]
[SourceTitle "Ajedrez en Madrid"]
[Source "lmi"]
[SourceDate "2020.02.06"]
[SourceVersion "1"]
[SourceVersionDate "2020.03.02"]
[SourceQuality "1"]

1. Nf3 d5 2. c4 e6 3. g3 Nf6 4. Bg2 Be7 5. O-O O-O 6. b3 c6 7. Bb2 b6 8. d4 a5
9. Nc3 Ba6 10. Ne5 Nfd7 11. f4 Nxe5 12. fxe5 dxc4 13. Ne4 cxb3 14. axb3 Ra7 15.
Rc1 Bb5 16. Kh1 Na6 17. Nc3 Nb4 18. Nxb5 cxb5 19. e4 a4 20. Ra1 Qd7 21. d5 Bc5
22. Bh3 Qb7 23. bxa4 exd5 24. exd5 Qxd5+ 25. Qxd5 Nxd5 26. axb5 Rfa8 27. e6
Rxa1 28. exf7+ Kf8 29. Bxa1 Ne3 30. Re1 Kxf7 31. Be5 g5 32. Bd7 Rd8 33. Bc6 Rd2
34. h3 h5 35. Bf3 g4 36. hxg4 hxg4 37. Be4 Rd8 38. Bc6 Rd2 39. Bf4 Rd1 40. Rxd1
Nxd1 41. Bd7 Kf6 42. Kg2 Nf2 43. Bd2 Bd4 44. Bc1 Nd3 45. Ba3 Ne5 46. Bc8 Nc4
47. Bc1 Nd6 48. Bd7 Nf5 49. Bf4 Be5 50. Bc1 Nxg3 51. Bb2 Nf5 52. Bc1 g3 53. Bd2
Nh4+ 54. Kh3 Nf5 55. Bc6 Nd4 56. Bc3 Nf5 57. Bd2 Ke7 58. Be4 Ke6 59. Bg2 Nd4
60. Be3 Nxb5 61. Bxb6 Ke7 62. Ba5 Nd4 63. Bc3 Ke6 1/2-1/2

[Event "Madrid 2019-2020 ch - Previa b"]
[Site "Madrid ESP"]
[Date "2020.02.15"]
[Round "5.4"]
[White "Ocaña Lameiro, Oliver"]
[Black "Garcia Serrano, Jose Manuel"]
[Result "1/2-1/2"]
[WhiteElo "1992"]
[BlackElo "1863"]
[PlyCount "66"]
[EventDate "2020.02.06"]
[EventType "swiss"]
[EventRounds "9"]
[EventCountry "ESP"]
[SourceTitle "Ajedrez en Madrid"]
[Source "lmi"]
[SourceDate "2020.02.06"]
[SourceVersion "1"]
[SourceVersionDate "2020.03.02"]
[SourceQuality "1"]

1. c4 e5 2. Nc3 Nf6 3. Nf3 Nc6 4. d4 exd4 5. Nxd4 Bc5 6. Nb3 Be7 7. Nd5 d6 8.
g3 Bf5 9. Bg2 Qd7 10. Nd4 Nxd4 11. Qxd4 Bd8 12. O-O c6 13. Nc3 Bb6 14. Qd2
O-O-O 15. a4 Bh3 16. a5 Bxg2 17. Kxg2 Bc7 18. Qd4 Bb8 19. Bg5 Rde8 20. Bxf6
gxf6 21. Qxf6 Rhg8 22. a6 b6 23. Qf3 Rg4 24. e4 Reg8 25. Rh1 Qe6 26. Rac1 Kd8
27. b3 R8g6 28. Rcd1 Rf6 29. Qe2 Rh6 30. h3 Rg5 31. f4 Ra5 32. b4 Rxa6 33. c5
Ra3 1/2-1/2

[Event "Madrid 2019-2020 ch - Previa b"]
[Site "Madrid ESP"]
[Date "2020.02.15"]
[Round "5.5"]
[White "Cujba, Anca-Claudia"]
[Black "Martin Arbeloa, Fernando"]
[Result "0-1"]
[WhiteElo "1591"]
[BlackElo "1991"]
[PlyCount "90"]
[EventDate "2020.02.06"]
[EventType "swiss"]
[EventRounds "9"]
[EventCountry "ESP"]
[SourceTitle "Ajedrez en Madrid"]
[Source "lmi"]
[SourceDate "2020.02.06"]
[SourceVersion "1"]
[SourceVersionDate "2020.03.02"]
[SourceQuality "1"]

1. e4 c5 2. Nf3 d6 3. c3 Nf6 4. h3 Nbd7 5. Bd3 b6 6. O-O Bb7 7. Re1 Qc7 8. Bc2
Rc8 9. a4 e5 10. Nh4 g6 11. d3 Bg7 12. c4 O-O 13. Nc3 a6 14. Be3 Qd8 15. Nf3 h6
16. g4 Ne8 17. Qd2 Kh7 18. g5 h5 19. Nh4 Nc7 20. Qe2 Ne6 21. Qd2 Nb8 22. Nd5
Nc6 23. Kh2 Ncd4 24. Bd1 Rb8 25. Rg1 Bc6 26. Rg3 Nc7 27. Bxh5 Nb3 28. Qd1 Nxa1
29. Nf5 Nxd5 30. cxd5 Be8 31. Qg4 Nc2 32. Nxg7 Kxg7 33. Bc1 Rh8 34. Bxg6 fxg6
35. f4 exf4 36. Bxf4 Qe7 37. Bd2 Bd7 38. Bc3+ Nd4 39. Qd1 Rbf8 40. Qd2 b5 41.
b4 Qe5 42. Kg2 Qf4 43. Qb2 Qf1+ 44. Kh2 Rxh3+ 45. Rxh3 Qxh3+ 0-1

[Event "Madrid 2019-2020 ch - Previa b"]
[Site "Madrid ESP"]
[Date "2020.02.15"]
[Round "5.6"]
[White "Andrade Sandoval, Bianca"]
[Black "Martin Garcia, Luis I"]
[Result "0-1"]
[WhiteElo "1966"]
[BlackElo "1817"]
[PlyCount "86"]
[EventDate "2020.02.06"]
[EventType "swiss"]
[EventRounds "9"]
[EventCountry "ESP"]
[SourceTitle "Ajedrez en Madrid"]
[Source "lmi"]
[SourceDate "2020.02.06"]
[SourceVersion "1"]
[SourceVersionDate "2020.03.02"]
[SourceQuality "1"]

1. d4 d5 2. Bf4 Nf6 3. e3 e6 4. Nf3 c5 5. c3 Bd6 6. Ne5 Nc6 7. Nd2 Qc7 8. Ndf3
c4 9. Be2 Nd7 10. Nxd7 Bxd7 11. Bg3 b5 12. a3 h6 13. Qc2 g5 14. Bxd6 Qxd6 15.
h3 a5 16. e4 Ne7 17. Ne5 Nc6 18. Ng4 e5 19. exd5 Bxg4 20. dxc6 Bxe2 21. Qxe2
O-O 22. dxe5 Qxc6 23. O-O Rfe8 24. Rfe1 f6 25. e6 Ra6 26. Qh5 Rxe6 27. Qg6+ Kf8
28. Qxh6+ Kg8 29. Rad1 Qc7 30. Qg6+ Kf8 31. Qh5 Kg7 32. h4 Qe7 33. Kf1 Rad6 34.
Rxe6 Rxd1+ 35. Qxd1 Qxe6 36. hxg5 fxg5 37. Qd4+ Kh6 38. Qc5 Qd7 39. Qd4 Qxd4
40. cxd4 b4 41. axb4 c3 42. bxc3 a4 43. Ke2 a3 0-1

[Event "Madrid 2019-2020 ch - Previa b"]
[Site "Madrid ESP"]
[Date "2020.02.15"]
[Round "5.7"]
[White "Rojas Pozo, Jose Luis"]
[Black "Sanchez Hernandez, Alvaro"]
[Result "1/2-1/2"]
[WhiteElo "1938"]
[BlackElo "1772"]
[PlyCount "129"]
[EventDate "2020.02.06"]
[EventType "swiss"]
[EventRounds "9"]
[EventCountry "ESP"]
[SourceTitle "Ajedrez en Madrid"]
[Source "lmi"]
[SourceDate "2020.02.06"]
[SourceVersion "1"]
[SourceVersionDate "2020.03.02"]
[SourceQuality "1"]

1. d4 Nf6 2. Nf3 e6 3. c4 Bb4+ 4. Bd2 c5 5. Bxb4 cxb4 6. Nbd2 O-O 7. e3 b6 8.
Bd3 Bb7 9. O-O d5 10. Qe2 Ne4 11. cxd5 exd5 12. Rac1 Nd7 13. Ba6 Bxa6 14. Qxa6
Rc8 15. Qb5 Ndf6 16. Qxb4 Qd6 17. Qxd6 Nxd6 18. Ne5 Nfe4 19. Nxe4 Nxe4 20. Rfd1
Nf6 21. Rc6 Rxc6 22. Nxc6 g6 23. Ne7+ Kg7 24. Rc1 Ra8 25. Rc8 Rxc8 26. Nxc8 Ne4
27. Nxa7 Nd6 28. Nc6 Kf6 29. Nb4 Ke6 30. b3 h5 31. Kf1 g5 32. Ke2 f5 33. Nd3
Ne4 34. a4 h4 35. f3 Nf6 36. b4 Ne8 37. a5 bxa5 38. bxa5 Nc7 39. Nb4 g4 40. f4
Kd6 41. Kd2 Nb5 42. a6 Nc7 43. Kc2 Na8 44. Kb3 Nb6 45. Nd3 Kc7 46. Nb2 Kb8 47.
Kb4 Ka7 48. Kb5 Nd7 49. Na4 Nf6 50. Nc5 h3 51. gxh3 gxh3 52. Kc6 Ng4 53. Nd3
Nxh2 54. Nf2 Ng4 55. Nxh3 Nxe3 56. Ng5 Kxa6 57. Ne6 Ka5 58. Kd6 Kb4 59. Ke5 Kc4
60. Nc7 Nc2 61. Nxd5 Nxd4 62. Ne3+ Kd3 63. Nxf5 Ne2 64. Nd6 Nxf4 65. Kxf4
1/2-1/2

[Event "Madrid 2019-2020 ch - Previa b"]
[Site "Madrid ESP"]
[Date "2020.02.15"]
[Round "5.8"]
[White "Barragan Arriaza, Pablo"]
[Black "Pajuelo Morales, Raul"]
[Result "0-1"]
[WhiteElo "1886"]
[BlackElo "1836"]
[PlyCount "60"]
[EventDate "2020.02.06"]
[EventType "swiss"]
[EventRounds "9"]
[EventCountry "ESP"]
[SourceTitle "Ajedrez en Madrid"]
[Source "lmi"]
[SourceDate "2020.02.06"]
[SourceVersion "1"]
[SourceVersionDate "2020.03.02"]
[SourceQuality "1"]

1. d4 Nf6 2. c4 g6 3. Nc3 Bg7 4. f3 d5 5. cxd5 Nxd5 6. e4 Nb6 7. Be3 O-O 8. Rc1
Nc6 9. d5 Ne5 10. b3 f5 11. Be2 e6 12. f4 Ng4 13. Bxg4 fxg4 14. dxe6 Bxe6 15.
Nge2 Qe7 16. O-O Rad8 17. Qc2 c6 18. Rce1 Rfe8 19. Ng3 Qb4 20. Nce2 Bd5 21. Bc5
Bxe4 22. Qc1 Qa5 23. f5 gxf5 24. Nh5 Qd2 25. Qa3 Bd3 26. Nxg7 Rxe2 27. Rxe2
Qxe2 28. Rc1 Be4 29. Bf2 Rd2 30. Qc5 Rd1+ 0-1

[Event "Madrid 2019-2020 ch - Previa b"]
[Site "Madrid ESP"]
[Date "2020.02.15"]
[Round "5.9"]
[White "Estevez Sacristan, Deva"]
[Black "Galarreta Santana, Javier"]
[Result "1/2-1/2"]
[WhiteElo "1885"]
[BlackElo "1666"]
[PlyCount "66"]
[EventDate "2020.02.06"]
[EventType "swiss"]
[EventRounds "9"]
[EventCountry "ESP"]
[SourceTitle "Ajedrez en Madrid"]
[Source "lmi"]
[SourceDate "2020.02.06"]
[SourceVersion "1"]
[SourceVersionDate "2020.03.02"]
[SourceQuality "1"]

1. e4 c5 2. Nc3 Nc6 3. Nf3 d6 4. d4 cxd4 5. Nxd4 e5 6. Nb3 Be6 7. g3 h5 8. Bg2
h4 9. O-O g5 10. Be3 Nh6 11. h3 g4 12. Nd5 gxh3 13. Bf3 hxg3 14. fxg3 Bg7 15.
Qd2 Ng8 16. c4 Qd7 17. c5 O-O-O 18. cxd6 Qxd6 19. Bc5 Qd7 20. Qe2 Kb8 21. Rfd1
h2+ 22. Kh1 Nd4 23. Nxd4 exd4 24. Bxd4 Bxd4 25. Rxd4 Nf6 26. Rad1 Bxd5 27. exd5
Rhe8 28. Qd2 Ng8 29. a4 Ne7 30. Bg4 f5 31. Bf3 Rg8 32. Qg2 Qd6 33. Rf4 Rdf8
1/2-1/2

[Event "Madrid 2019-2020 ch - Previa b"]
[Site "Madrid ESP"]
[Date "2020.02.15"]
[Round "5.10"]
[White "Rodriguez Torres, Manuel"]
[Black "Narvaez Parra, Vicente"]
[Result "1/2-1/2"]
[WhiteElo "1595"]
[BlackElo "1808"]
[PlyCount "70"]
[EventDate "2020.02.06"]
[EventType "swiss"]
[EventRounds "9"]
[EventCountry "ESP"]
[SourceTitle "Ajedrez en Madrid"]
[Source "lmi"]
[SourceDate "2020.02.06"]
[SourceVersion "1"]
[SourceVersionDate "2020.03.02"]
[SourceQuality "1"]

1. e4 c6 2. d4 d5 3. f3 Nf6 4. e5 Nfd7 5. f4 e6 6. Nf3 c5 7. c3 Nc6 8. Bd3 c4
9. Bc2 g6 10. b3 cxb3 11. axb3 Bh6 12. f5 Bxc1 13. Qxc1 exf5 14. O-O Nb6 15.
Qh6 Qe7 16. Nbd2 Be6 17. Bd3 a6 18. Rac1 Rd8 19. Rfe1 Qf8 20. Qe3 Qg7 21. Bf1
O-O 22. c4 Rfe8 23. c5 Nd7 24. Qc3 g5 25. Qe3 f4 26. Qf2 Nf8 27. Bd3 Nb4 28.
Bb1 h5 29. Rc3 Qh6 30. Rf1 Ng6 31. h4 g4 32. Bxg6 g3 33. Bxf7+ Bxf7 34. Qe1 Bg6
35. Qd1 Na2 1/2-1/2

[Event "Madrid 2019-2020 ch - Previa b"]
[Site "Madrid ESP"]
[Date "2020.02.15"]
[Round "5.11"]
[White "Viñas Blasco, Jorge"]
[Black "Rodriguez Avila, Alvaro"]
[Result "1-0"]
[WhiteElo "1596"]
[BlackElo "1807"]
[PlyCount "53"]
[EventDate "2020.02.06"]
[EventType "swiss"]
[EventRounds "9"]
[EventCountry "ESP"]
[SourceTitle "Ajedrez en Madrid"]
[Source "lmi"]
[SourceDate "2020.02.06"]
[SourceVersion "1"]
[SourceVersionDate "2020.03.02"]
[SourceQuality "1"]

1. Nf3 Nf6 2. c4 g6 3. b3 Bg7 4. Bb2 O-O 5. g3 d6 6. d4 Bg4 7. Bg2 Nbd7 8. O-O
c6 9. Nbd2 Qc7 10. Qc2 e5 11. e3 Rfe8 12. b4 e4 13. Ng5 Be2 14. Ngxe4 Bxf1 15.
Rxf1 Nxe4 16. Nxe4 a5 17. c5 axb4 18. Nxd6 Reb8 19. Qb3 Nf6 20. e4 b6 21. e5
Ng4 22. cxb6 Rxb6 23. Rc1 Rba6 24. Rc4 Qa7 25. Rxb4 Bxe5 26. Rb7 Bxd6 27. Qxf7+
1-0

[Event "Madrid 2019-2020 ch - Previa b"]
[Site "Madrid ESP"]
[Date "2020.02.15"]
[Round "5.12"]
[White "Barragan Panal, Juan Jose"]
[Black "De Dompablo Fantova, Juan"]
[Result "0-1"]
[WhiteElo "1661"]
[BlackElo "1664"]
[PlyCount "78"]
[EventDate "2020.02.06"]
[EventType "swiss"]
[EventRounds "9"]
[EventCountry "ESP"]
[SourceTitle "Ajedrez en Madrid"]
[Source "lmi"]
[SourceDate "2020.02.06"]
[SourceVersion "1"]
[SourceVersionDate "2020.03.02"]
[SourceQuality "1"]

1. d4 d6 2. Nf3 g6 3. b3 Bg7 4. Bb2 Nf6 5. Nbd2 O-O 6. g3 Nc6 7. Bg2 Bf5 8. Nh4
Bd7 9. c4 Re8 10. O-O Qc8 11. d5 Nb4 12. a3 Na6 13. Re1 c6 14. Rc1 Qd8 15. e4
e5 16. b4 cxd5 17. cxd5 Bh6 18. Rc2 Ba4 19. Qb1 Bxc2 20. Qxc2 Rc8 21. Qd3 Nd7
22. Bh3 Rc7 23. Nc4 Nb6 24. Nxb6 axb6 25. f4 Bxf4 26. gxf4 Qxh4 27. fxe5 Qxe1+
28. Kg2 Rce7 29. Bc3 Qh4 30. e6 fxe6 31. Bxe6+ Rxe6 32. dxe6 Rxe6 33. e5 dxe5
34. Qd5 Qg4+ 35. Kh1 Qf5 36. Kg2 Kg7 37. Qxb7+ Kf6 38. Qd5 Qc2+ 39. Bd2 Qc6 0-1

[Event "Madrid 2019-2020 ch - Previa b"]
[Site "Madrid ESP"]
[Date "2020.02.15"]
[Round "5.13"]
[White "Mosteiro Montoro, Alvaro"]
[Black "Rey Martinez, Jaime"]
[Result "0-1"]
[WhiteElo "1477"]
[BlackElo "1687"]
[PlyCount "78"]
[EventDate "2020.02.06"]
[EventType "swiss"]
[EventRounds "9"]
[EventCountry "ESP"]
[SourceTitle "Ajedrez en Madrid"]
[Source "lmi"]
[SourceDate "2020.02.06"]
[SourceVersion "1"]
[SourceVersionDate "2020.03.02"]
[SourceQuality "1"]

1. d4 d5 2. Nf3 e6 3. Bf4 Nf6 4. Nbd2 Bd6 5. Bg5 Nbd7 6. e3 O-O 7. Bd3 c6 8. a3
Qc7 9. c4 e5 10. dxe5 Nxe5 11. Nxe5 Bxe5 12. Qc2 dxc4 13. Nxc4 h6 14. Nxe5 Qxe5
15. Bf4 Qd5 16. O-O Be6 17. h3 Rad8 18. Rfd1 Qb3 19. Qe2 Nd5 20. Bg3 Nb6 21.
Bc7 Rd7 22. Bxb6 Qxb6 23. b4 Rfd8 24. Rab1 Qc7 25. Qc2 Qe5 26. Be2 Qg5 27. Rxd7
Rxd7 28. Rd1 Bxh3 29. Bf3 Be6 30. Rxd7 Bxd7 31. Qd3 Qe7 32. Bd1 Be6 33. Bc2 g6
34. e4 Qg5 35. g3 Qe7 36. Kg2 Qd7 37. Qe3 Kh7 38. Qxa7 Bh3+ 39. Kh2 Bf1 0-1